| 000 | 00477nam a22001697a 4500 | ||
|---|---|---|---|
| 010 | _aENG-120274 | ||
| 020 |
_a9789384002244 _c350.00 |
||
| 035 | _aEN-103806 | ||
| 037 | _bDBAD /PUB | ||
| 082 | _a886 | ||
| 100 | _aDasgupta,R.K. | ||
| 245 |
_aLetters to the editor / _cby R.K.Dasgupta |
||
| 260 |
_aKolkata _bGangchil _c2014 |
||
| 270 |
_aMatir Bari,Onkar Park, Ghola Bazar _bKolkata _e700111 |
||
| 300 |
_a234p. _c23cm(H.b) |
||
| 942 |
_2ddc _cEN _h886 _mDAS |
||
| 999 |
_c144517 _d144517 |
||